| 000 | 01286cam a2200397 i 4500 | ||
|---|---|---|---|
| 999 |
_c8076 _d8076 |
||
| 001 | vtls000534921 | ||
| 003 | NUKAT | ||
| 005 | 20181116112756.0 | ||
| 008 | 050825s1968 pl a f |001 0 pol c | ||
| 035 | _azz2005974284 | ||
| 039 | 9 |
_a201705261340 _bkopwsgbyd _c201511221210 _dkopumk _c201506160115 _dVLOAD _c201506151539 _dqaf |
|
| 040 |
_aWA U/94ANK _cWA U/ANK _dWA U/ANK _dWR U/jc _dGL 001/FAN _dKAT U/IW |
||
| 041 | 1 |
_apol _hger |
|
| 100 | 1 |
_aMeinardus, Günter _d(1926- ). |
|
| 240 | 1 | 0 |
_aApproximation von Funktionen und ihre numerische Behandlung _l(pol.) |
| 245 | 1 | 0 |
_aAproksymacja funkcji i jej metody numeryczne / _cGünter Meinardus ; tł. Stefan Paszkowski. |
| 260 |
_aWarszawa : _bPaństwowe Wydawnictwo Naukowe, _c1968. |
||
| 300 |
_a267 s. : _bil. ; _c21 cm. |
||
| 504 | _aBibliogr. s. 249-261. Indeks. | ||
| 650 | _aTeoria aproksymacji. | ||
| 700 | 1 |
_aPaszkowski, Stefan. _eTł. |
|
| 710 | 2 |
_aPaństwowe Wydawnictwo Naukowe (1951-1992). _4pbl _9995 |
|
| 982 | _aBYDG_24 | ||
| 942 |
_2ddc _cBK |
||
| 980 | _aSZCZ_ZUT | ||